| 000 | nam a22 7a 4500 | ||
|---|---|---|---|
| 999 |
_c28118 _d28118 |
||
| 008 | 170214b xxu||||| |||| 00| 0 eng d | ||
| 020 | _a1269753800 | ||
| 050 | _aQA 39.3 .M38 2015 | ||
| 100 | _aCarman, Robert A. | ||
| 245 |
_aMathematics Measurement and Literacy / _cRobert A. Carman and Hal M. Saunders |
||
| 260 |
_aupper saddle River, New Jersey : _bPearson , _c2015 . |
||
| 300 |
_av, 455p. : _bill. ; |
||
| 500 | _aincludes index | ||
| 650 | _2mathematics | ||
| 700 | _aSaunders, Hal M. | ||
| 942 |
_2lcc _cBOOKS _hQA 39.3 .M38 2015 |
||